Statistiques concernant Les 25 pays les plus peuplés d'Europe

Cliquez ici pour prendre le quiz!

Statistiques générales

  • Ce quiz a été pris 522 fois
    (347 depuis la dernière actualisation)
  • Le résultat moyen est 22 sur 25

Statistiques - réponses

Population (estimation)Pays% Correct
46 940 000 habitantsEspagne
100%
67 875 000 habitantsFrance
100%
83 150 000 habitantsAllemagne
99%
60 370 000 habitantsItalie
99%
115 000 000 habitantsRussie
99%
10 305 000 habitantsPortugal
96%
65 760 000 habitantsRoyaume-Uni
96%
10 610 000 habitantsGrèce
94%
38 290 000 habitantsPologne
94%
10 320 000 habitantsSuède
94%
8 610 000 habitantsSuisse
93%
42 160 000 habitantsUkraine
93%
11 480 000 habitantsBelgique
92%
8 865 000 habitantsAutriche
90%
17 290 000 habitantsPays-Bas
90%
21 310 000 habitantsRoumanie
90%
5 535 000 habitantsFinlande
88%
5 830 000 habitantsDanemark
85%
9 480 000 habitantsBiélorussie
84%
9 775 000 habitantsHongrie
84%
10 655 000 habitantsRépublique tchèque
84%
6 970 000 habitantsBulgarie
83%
5 460 000 habitantsSlovaquie
83%
6 930 000 habitantsSerbie
79%
14 145 000 habitantsTurquie
56%

Distribution des résultats

Percentile par nombre de réponses

% des personnes avec chaque résultat

Votre développement - résultats

Vous n’avez pas pris ce quiz depuis la dernière actualisation